000 01495nac a22004937a 4500
001 BR7603723
003 BR-BrBNA
005 20240105113958.0
008 230509b bl.|||m| |||| 00| 0 por d
040 _aBR-BrBNA
_bpor
_cBiblioteca Nacional de Agricultura
072 _aM00; E70
090 _a9815 BR7603723
100 1 _aMencia-Morales, F.
100 1 _aNunes, P.C.M.
100 1 _aMachado, J.C.
100 1 _aAmado, A.L.
100 1 _aSouza, R.R. de
100 1 _aLeite, L.W.N.
110 1 _aPrograma de Pesquisa e Desenvolvimento Pesqueiro do Brasil, Brasilia, DF
_97975
245 1 _aAvaliacao das industrias pesqueiras dos estados da Bahia, Sergipe, Alagoas e Pernambuco: capacidade, producao e mercado [Brasil]
260 3 _aBrasilia, DF (Brasil):
_c1976.
300 _a81 p.
490 _aDocumentos Ocasionais - Programa de Pesquisa e Desenvolvimento Pesqueiro do Brasil (Brazil)
_vno. 21
_x
500 _a34 tables; Summaries (En, Pt)
650 _aINDUSTRIA PESQUEIRA
650 _aPRODUCAO PESQUEIRA
650 _aPEIXE
650 _aMOLUSCO
650 _aCRUSTACEO
650 _aSALGA
650 _aRESFRIAMENTO
650 _aCONGELAMENTO
650 _aMAO-DE-OBRA
650 _aVENDA
650 _aMERCADO NACIONAL
650 _aIMPORTACAO
650 _aCONSUMO
650 _aBAHIA
650 _aSERGIPE
650 _aALAGOAS
650 _aPERNAMBUCO
909 _a202312
_bLúcia Elande
_c55
_dLúcia Elande
942 _2AGRIS
_n0
_cMS
999 _c266694
_d266694